| 000 | 00478nam a2200169Ia 4500 | ||
|---|---|---|---|
| 999 |
_c29436 _d29436 |
||
| 003 | OSt | ||
| 005 | 20201123104851.0 | ||
| 008 | 190216s9999||||xx |||||||||||||| ||und|| | ||
| 040 | _coclc | ||
| 082 |
_a894.8123 _bPUS/D |
||
| 100 |
_aPushpanath, Kottayam _96543 |
||
| 245 | 0 |
_aDeath Circle / _cKottayam Pushpanath |
|
| 260 |
_bCurrent Books, _aThrissur: _c2006. |
||
| 300 | _a87p | ||
| 650 | _aNovel | ||
| 942 |
_cBK _2ddc _h894.8123 _iPUS/D _k894.8123 _mPUS/D |
||